Comuni dell'Abruzzo (con mappa) - Statistics

Statistiche generali
  • Questo quiz è stato fatto 2.089 volte
  • Il punteggio medio è 60 su 305
Risposte nella Mappa
Le risposte nella mappa del quiz sottostante sono codificate secondo una scala di colori dal rosso al verde in base alla % di persone che hanno risposto correttamente.
 
Statistiche sulle risposte
Comune % Corretto
L'Aquila
92%
Pescara
92%
Chieti
89%
Teramo
88%
Vasto
73%
Avezzano
68%
Sulmona
67%
Montesilvano
65%
Giulianova
63%
Ortona
62%
Lanciano
60%
Roseto degli Abruzzi
60%
Alba Adriatica
52%
Francavilla al Mare
52%
Pineto
52%
Roccaraso
52%
Silvi
51%
Castel di Sangro
46%
Penne
45%
Pescasseroli
45%
San Salvo
44%
Tortoreto
44%
Martinsicuro
43%
Scanno
43%
Atri
42%
Città Sant'Angelo
40%
Popoli
40%
Tagliacozzo
40%
Fossa
39%
Celano
38%
Guardiagrele
38%
Pescocostanzo
38%
San Vito Chietino
38%
Atessa
37%
Manoppello
36%
Fossacesia
34%
Ovindoli
34%
Spoltore
34%
Caramanico Terme
33%
Carsoli
32%
Barrea
31%
Bussi sul Tirino
31%
Bomba
30%
Villetta Barrea
30%
Cepagatti
29%
Opi
29%
Pratola Peligna
29%
Rivisondoli
29%
Torino di Sangro
29%
Casalbordino
28%
Lettomanoppello
28%
Pescina
28%
San Giovanni Teatino
28%
Scafa
28%
Aielli
27%
Alanno
27%
Casoli
27%
Cocullo
27%
Farindola
27%
Rocca di Mezzo
26%
Santo Stefano di Sessanio
26%
Torre de' Passeri
26%
Ari
25%
Tollo
25%
Campotosto
24%
Civitella del Tronto
24%
Isola del Gran Sasso d'Italia
24%
Loreto Aprutino
24%
Montorio al Vomano
24%
San Valentino in Abruzzo Citeriore
24%
Bucchianico
23%
Campo di Giove
23%
Cappelle sul Tavo
23%
Fara San Martino
23%
Palena
23%
Alfedena
22%
Anversa degli Abruzzi
22%
Campli
22%
Capestrano
22%
Nereto
22%
Orsogna
22%
Pacentro
22%
Rocca di Cambio
22%
Tocco da Casauria
22%
Calascio
21%
Castel del Monte
21%
Notaresco
21%
Pianella
21%
Ripa Teatina
21%
Roccamorice
21%
Roccascalegna
21%
Civitella Alfedena
20%
Elice
20%
Fara Filiorum Petri
20%
Luco dei Marsi
20%
Mosciano Sant'Angelo
20%
Moscufo
20%
Navelli
20%
Pescosansonesco
20%
Bellante
19%
Capistrello
19%
Castiglione Messer Raimondo
19%
Collecorvino
19%
Gioia dei Marsi
19%
Gissi
19%
Pretoro
19%
San Benedetto dei Marsi
19%
Trasacco
19%
Abbateggio
18%
Barisciano
18%
Castelli
18%
Controguerra
18%
Lecce nei Marsi
18%
Miglianico
18%
Ortona dei Marsi
18%
Sant'Egidio alla Vibrata
18%
Sant'Eufemia a Maiella
18%
Arielli
17%
Ateleta
17%
Bisenti
17%
Bolognano
17%
Casalincontrada
17%
Castel Frentano
17%
Castiglione Messer Marino
17%
Cupello
17%
Magliano de' Marsi
17%
Ofena
17%
Pizzoli
17%
Villa Santa Maria
17%
Altino
16%
Archi
16%
Balsorano
16%
Corropoli
16%
Crecchio
16%
Gessopalena
16%
Lama dei Peligni
16%
Nocciano
16%
Pietracamela
16%
Rosciano
16%
Scoppito
16%
Serramonacesca
16%
Villalago
16%
Bisegna
15%
Canosa Sannita
15%
Castilenti
15%
Cerchio
15%
Civitella Casanova
15%
Civitella Roveto
15%
Colledara
15%
Lettopalena
15%
Lucoli
15%
Oricola
15%
Picciano
15%
Raiano
15%
Roccamontepiano
15%
Salle
15%
Scurcola Marsicana
15%
Tornimparte
15%
Torrevecchia Teatina
15%
Villa Celiera
15%
Brittoli
14%
Colonnella
14%
Introdacqua
14%
Montereale
14%
Morro d'Oro
14%
Ortucchio
14%
Pettorano sul Gizio
14%
Rocca Pia
14%
Rocca San Giovanni
14%
San Demetrio ne' Vestini
14%
Torricella Peligna
14%
Vacri
14%
Villamagna
14%
Ancarano
13%
Basciano
13%
Cansano
13%
Canzano
13%
Capitignano
13%
Carapelle Calvisio
13%
Carpineto della Nora
13%
Casacanditella
13%
Castiglione a Casauria
13%
Catignano
13%
Crognaleto
13%
Cugnoli
13%
Frisa
13%
Pennapiedimonte
13%
Rapino
13%
Sante Marie
13%
Sant'Omero
13%
Schiavi di Abruzzo
13%
Taranta Peligna
13%
Acciano
12%
Arsita
12%
Bugnara
12%
Castellalto
12%
Civitella Messer Raimondo
12%
Collarmele
12%
Corvara
12%
Fallo
12%
Montebello di Bertona
12%
Mozzagrogna
12%
Pollutri
12%
Scerni
12%
Tornareccio
12%
Turrivalignani
12%
Valle Castellana
12%
Villavallelonga
12%
Barete
11%
Borrello
11%
Cappadocia
11%
Casalanguida
11%
Castelvecchio Calvisio
11%
Castelvecchio Subequo
11%
Cellino Attanasio
11%
Civitaquana
11%
Corfinio
11%
Fano Adriano
11%
Fresagrandinaria
11%
Gamberale
11%
Goriano Sicoli
11%
Massa d'Albe
11%
Pietranico
11%
Pizzoferrato
11%
Scontrone
11%
Torricella Sicura
11%
Vicoli
11%
Canistro
10%
Castel di Ieri
10%
Colledimezzo
10%
Filetto
10%
Fontecchio
10%
Giuliano Teatino
10%
Guilmi
10%
Paglieta
10%
Perano
10%
Pereto
10%
Quadri
10%
Rocca di Botte
10%
Roccaspinalveti
10%
San Buono
10%
San Martino sulla Marrucina
10%
Sant'Eusanio del Sangro
10%
San Vincenzo Valle Roveto
10%
Secinaro
10%
Treglio
10%
Vittorito
10%
Cagnano Amiterno
9%
Carunchio
9%
Celenza sul Trigno
9%
Collelongo
9%
Molina Aterno
9%
Montenerodomo
9%
Monteodorisio
9%
Ocre
9%
Poggiofiorito
9%
Poggio Picenze
9%
Roio del Sangro
9%
San Pio delle Camere
9%
Tossicia
9%
Villalfonsina
9%
Caporciano
8%
Carpineto Sinello
8%
Castellafiume
8%
Cermignano
8%
Civita d'Antino
8%
Dogliola
8%
Furci
8%
Lentella
8%
Liscia
8%
Montebello sul Sangro
8%
Morino
8%
Palombaro
8%
Prezza
8%
Roccacasale
8%
San Benedetto in Perillis
8%
Santa Maria Imbaro
8%
Torano Nuovo
8%
Torrebruna
8%
Villa Santa Lucia degli Abruzzi
8%
Castel Castagna
7%
Castelguidone
7%
Civitaluparella
7%
Colledimacine
7%
Cortino
7%
Fraine
7%
Gagliano Aterno
7%
Montazzoli
7%
Monteferrante
7%
Montefino
7%
Palmoli
7%
Pennadomo
7%
Penna Sant'Andrea
7%
Rocca Santa Maria
7%
Rosello
7%
Tione degli Abruzzi
7%
Tufillo
7%
Collepietro
6%
Fagnano Alto
6%
Montelapiano
6%
Pietraferrazzana
6%
San Giovanni Lipioni
6%
Sant'Eusanio Forconese
6%
Prata d'Ansidonia
5%
Villa Sant'Angelo
5%
Nessun quiz corrispondente trovato
Distribuzione punteggi
Percentuale di utenti per punteggio
Percentile per numero di risposta
I tuoi punteggi nel tempo
Non hai fatto questo quiz